अॅटिट्युड (Record no. 1222242)

MARC details
000 -LEADER
fixed length control field 00464nam a2200169Ia 4500
008 - FIXED-LENGTH DATA ELEMENTS--GENERAL INFORMATION
fixed length control field 260520s2024 xx 000 0 und d
020 ## - INTERNATIONAL STANDARD BOOK NUMBER
International Standard Book Number 9788119812806
041 ## - LANGUAGE CODE
Language code of text/sound track or separate title mar
082 ## - DEWEY DECIMAL CLASSIFICATION NUMBER
Classification number 158.1/ASH
100 ## - MAIN ENTRY--PERSONAL NAME
Personal name अॅश्टन, अॅडम
245 ## - TITLE STATEMENT
Title अॅटिट्युड
250 ## - EDITION STATEMENT
Edition statement 1st ed
260 ## - PUBLICATION, DISTRIBUTION, ETC.
Place of publication, distribution, etc. पुणे
Name of publisher, distributor, etc. मधुश्री प्रकाशन,
Date of publication, distribution, etc. 2024
300 ## - PHYSICAL DESCRIPTION
Extent 144p.
500 ## - GENERAL NOTE
General note Cat No: 15242
650 ## - SUBJECT ADDED ENTRY--TOPICAL TERM
Topical term or geographic name entry element PSYCHOLOGY
Holdings
Withdrawn status Lost status Damaged status Not for loan Collection Home library Current library Shelving location Date acquired Source of acquisition Cost, normal purchase price Total Checkouts Full call number Barcode Date last seen Price effective from Koha item type Public note
          Dr.Patangrao Kadam Mahavidyalaya, Sangli Dr.Patangrao Kadam Mahavidyalaya, Sangli   24/04/2026 Bharati Madhyavarti Sahakari Grahak Bhandar, Pune (Best Book Supplier, Kolhapur) 199.00   158.1/ASH PKS-V-1941 27/05/2026 27/05/2026 Book General book section